Dopasuj postać do gry - Statystyki

Ogólne statystyki
  • Ten quiz został rozwiązany 72 razy
  • Średni wynik to 15 z 25
Statystyki odpowiedzi
Hint Odpowiedź % Poprawnych
Sonic Sonic the Hedgehog
93%
Mario Super Mario
93%
Geratl Wiedźmin
93%
Lara Croft Tomb Raider
90%
Doom Slayer DOOM
86%
Kratos God of War
85%
Arthur Morgan Red Dead Redemption 2
81%
Agent 47 Hitman
75%
Ellie The Last of Us
68%
Niko Bellic Grand Theft Auto IV
66%
Sub-Zero Mortal Kombat
66%
Leon S. Kennedy Resident Evil 4
66%
Ezio Auditore Assassin's creed II
64%
Nathan Drake Uncharted
61%
Solid Snake Metal Gear Solid
56%
Master Chief Halo
51%
Vault Boy Fallout
42%
Link The Legend of Zelda
41%
Jason Brody Far Cry 3
34%
Cloud Strife Final Fantasy VII
32%
Astarion Baldur's Gate 3
31%
Handsome Jack Borderlands 2
29%
Big Daddy BioShock
25%
Marcus Fenix Gears of War
22%
Isaac Clarke Dead Space
20%
Nie znaleziono quizów pasujących do podanych kryteriów
Rozkład punktacji
Procent ludzi z każdym wynikiem
Percentyl według liczby udzielonych odpowiedzi
Twoja historia wyników
Nie rozwiązałeś tego quizu